[Event "5MCR_4D_2L_3S"]
[Site "?"]
[Date "2002.??.??"]
[Round "?"]
[White "Nudcenko, Karel"]
[Black "Sebek, Pavel"]
[Result "1-0"]
[WhiteElo "1800"]
[BlackElo "1955"]
[PlyCount "81"]
[EventDate "2002.??.??"]
[EventType "corr"]
[SourceDate "2004.??.??"]

1. e4 c5 2. Nf3 e6 3. d4 cxd4 4. Nxd4 a6 5. Bd3 Nf6 6. Qe2 d6 7. O-O Qc7 8. c4
g6 9. Nc3 Bg7 10. Rd1 O-O 11. Nf3 Nc6 12. Bf4 Nd7 13. Rac1 Nce5 14. Qe3 Nxf3+
15. Qxf3 Ne5 16. Qe3 b6 17. Be2 Rb8 18. b4 Bb7 19. Na4 Ba8 20. c5 bxc5 21. bxc5
d5 22. Nb6 Rfd8 23. exd5 exd5 24. Bxa6 Qc6 25. a4 Qe6 26. Nxa8 Rxa8 27. Bb7
Rxa4 28. c6 Nxc6 29. Bxc6 Re4 30. Qd2 Rd4 31. Qa5 Qe7 32. Rxd4 Bxd4 33. Bxd5
Re8 34. g3 Qe2 35. Bxf7+ Kg7 36. Rf1 Re7 37. Bb3 Rd7 38. Qa8 Qe7 39. Qg8+ Kf6
40. h4 Kf5 41. Bc2+ 1-0

[Event "5MCR_4D_2L_3S"]
[Site "?"]
[Date "2002.??.??"]
[Round "?"]
[White "Nudcenko, Karel"]
[Black "Skalicky, Frantisek"]
[Result "1-0"]
[WhiteElo "1800"]
[BlackElo "2245"]
[PlyCount "135"]
[EventDate "2002.??.??"]
[EventType "corr"]
[SourceDate "2004.??.??"]

1. e4 e5 2. Nf3 Nc6 3. Bb5 a6 4. Bxc6 dxc6 5. O-O f6 6. d4 Bg4 7. dxe5 Qxd1 8.
Rxd1 fxe5 9. Rd3 Bd6 10. Nbd2 b5 11. b3 Ne7 12. Bb2 Ng6 13. g3 O-O 14. Kg2 Rad8
15. a4 Bc5 16. Rxd8 Rxd8 17. h3 Be6 18. axb5 axb5 19. Ra6 Bb6 20. Ra2 Bc5 21.
c4 Bb4 22. Nf1 Rf8 23. Nxe5 Nxe5 24. Bxe5 bxc4 25. bxc4 Bxc4 26. Ra4 Rb8 27.
Ne3 Bd3 28. Bxc7 Rb7 29. Kf3 Kf7 30. Bf4 Ke6 31. Nf5 g6 32. Nd4+ Kd7 33. h4 c5
34. Ke3 Bc4 35. Nf3 Kc6 36. Ra8 Kb5 37. Bd6 Rb6 38. Rd8 Ba3 39. Be5 Bc1+ 40.
Nd2 Kb4 41. f4 h5 42. Kf2 Be6 43. Nf3 Ra6 44. Rb8+ Kc4 45. Bb2 Bxb2 46. Rxb2
Kc3 47. Rd2 Bg4 48. Rd5 Ra3 49. Nd2 Ra2 50. Ke3 Kb4 51. f5 gxf5 52. exf5 c4 53.
f6 Ra3+ 54. Kd4 c3 55. Ne4 c2 56. Rc5 Bd1 57. f7 Rf3 58. Rc4+ Ka3 59. Rc3+ Rxc3
60. f8=Q+ Kb2 61. Nxc3 c1=Q 62. Qb4+ Bb3 63. Ne4 Qc7 64. Qc3+ Qxc3+ 65. Nxc3
Kc2 66. Ne4 Ba2 67. Nf6 Bf7 68. Ke4 1-0

[Event "5MCR_4D_2L_3S"]
[Site "?"]
[Date "2002.??.??"]
[Round "?"]
[White "Nudcenko, Karel"]
[Black "Splichal, Stanislav"]
[Result "1/2-1/2"]
[WhiteElo "1800"]
[BlackElo "2190"]
[PlyCount "99"]
[EventDate "2002.??.??"]
[EventType "corr"]
[SourceDate "2004.??.??"]

1. e4 c5 2. Nf3 d6 3. d4 cxd4 4. Nxd4 Nf6 5. Nc3 Nc6 6. Bg5 e6 7. Qd2 Be7 8.
O-O-O O-O 9. Nb3 Qb6 10. f3 a6 11. g4 Rd8 12. Be3 Qc7 13. g5 Nd7 14. h4 b5 15.
g6 fxg6 16. h5 gxh5 17. Rxh5 Nf6 18. Rg5 b4 19. Na4 Rb8 20. Qg2 Bf8 21. Qf2 Re8
22. Kb1 Ne5 23. Ba7 Rb7 24. Bd4 Qc6 25. Nb6 Rf7 26. Qe2 Nfd7 27. Nxc8 Qxc8 28.
Rg3 d5 29. exd5 exd5 30. Bh3 Qc4 31. Qe3 Rfe7 32. Qg5 g6 33. f4 Nf7 34. Qh4 Qc7
35. Bg2 Re1 36. Rxe1 Rxe1+ 37. Nc1 Bh6 38. Rh3 Rd1 39. Be3 d4 40. Bf3 dxe3 41.
Bxd1 Qxf4 42. Qe7 Nf6 43. Be2 Ne4 44. Ka1 Bf8 45. Qb7 Ng3 46. Nd3 Qg5 47. Bf3
Bd6 48. Bd5 Qf5 49. a3 bxa3 50. Bxf7+ 1/2-1/2

[Event "5MCR_4D_2L_3S"]
[Site "?"]
[Date "2002.??.??"]
[Round "?"]
[White "Pech, Jaroslav"]
[Black "Bucek, Jiri"]
[Result "1/2-1/2"]
[WhiteElo "2080"]
[BlackElo "2200"]
[PlyCount "42"]
[EventDate "2002.??.??"]
[EventType "corr"]
[SourceDate "2004.??.??"]

1. d4 e6 2. c4 Nf6 3. Nf3 d5 4. Nc3 Bb4 5. Bg5 dxc4 6. e4 c5 7. Bxc4 cxd4 8.
Nxd4 Qa5 9. Bd2 Qc5 10. Bb5+ Bd7 11. Nb3 Qb6 12. Bd3 Nc6 13. O-O Ne5 14. Be2
Rd8 15. Qc2 O-O 16. Rac1 Qc7 17. Nd5 Qxc2 18. Nxf6+ gxf6 19. Rxc2 Bxd2 20. Nxd2
Ba4 21. b3 Nc6 1/2-1/2

[Event "5MCR_4D_2L_3S"]
[Site "?"]
[Date "2002.??.??"]
[Round "?"]
[White "Pech, Jaroslav"]
[Black "Kucera, Petr"]
[Result "1-0"]
[WhiteElo "2080"]
[BlackElo "1800"]
[PlyCount "41"]
[EventDate "2002.??.??"]
[EventType "corr"]
[SourceDate "2004.??.??"]

1. e4 c6 2. d4 d5 3. exd5 cxd5 4. c4 Nf6 5. Nc3 g6 6. Qb3 Bg7 7. cxd5 O-O 8.
Be2 Nbd7 9. Bf3 Nb6 10. Nge2 Bf5 11. O-O Bd3 12. d6 exd6 13. Bxb7 Rb8 14. Bf3
Qd7 15. Qd1 Ba6 16. Re1 Rfe8 17. b3 Rbc8 18. Be3 Ng4 19. Bf4 Nf6 20. Qd2 Bxe2
21. Bxe2 1-0

[Event "5MCR_4D_2L_3S"]
[Site "?"]
[Date "2002.??.??"]
[Round "?"]
[White "Pech, Jaroslav"]
[Black "Necesany, Zdenek"]
[Result "0-1"]
[WhiteElo "2080"]
[BlackElo "2190"]
[PlyCount "56"]
[EventDate "2002.??.??"]
[EventType "corr"]
[SourceDate "2004.??.??"]

1. d4 Nf6 2. Nf3 d5 3. Bf4 c5 4. e3 Nc6 5. c3 Qb6 6. Qb3 c4 7. Qxb6 axb6 8. Na3
Bf5 9. Bc7 e6 10. Nb5 Ra5 11. Nd6+ Bxd6 12. Bxd6 Kd7 13. Bg3 Rha8 14. a3 Rb5
15. O-O-O Ne4 16. Nh4 Nxc3 17. bxc3 Rb1+ 18. Kd2 Rb2+ 19. Kc1 Rc2+ 20. Kb1
Rxc3+ 21. Nxf5 exf5 22. Rd2 Rcxa3 23. Rb2 b5 24. Kc1 b4 25. Rb1 b3 26. h4 Ra2
27. f3 Nb4 28. h5 c3 0-1

[Event "5MCR_4D_2L_3S"]
[Site "?"]
[Date "2002.??.??"]
[Round "?"]
[White "Pech, Jaroslav"]
[Black "Nudcenko, Karel"]
[Result "0-1"]
[WhiteElo "2080"]
[BlackElo "1800"]
[PlyCount "91"]
[EventDate "2002.??.??"]
[EventType "corr"]
[SourceDate "2004.??.??"]

1. e4 e6 2. d4 d5 3. Nd2 c5 4. exd5 Qxd5 5. Ngf3 cxd4 6. Bc4 Qd6 7. O-O Nf6 8.
Nb3 Nc6 9. Nbxd4 Nxd4 10. Nxd4 a6 11. Bb3 Qc7 12. Qf3 Bd6 13. h3 Bd7 14. Re1
O-O-O 15. Bg5 Qc5 16. Be3 Qe5 17. g3 Qe4 18. Rad1 Bc6 19. Qxe4 Bxe4 20. f3 Bg6
21. Ne2 Be5 22. c3 Rxd1 23. Rxd1 Rd8 24. Rxd8+ Kxd8 25. Kf2 Bd6 26. a3 Ke7 27.
Bf4 Bc5+ 28. Be3 Nd7 29. Bxc5+ Nxc5 30. Nc1 e5 31. Ke3 a5 32. f4 f6 33. h4 Kd6
34. g4 a4 35. Bc4 exf4+ 36. Kxf4 Bc2 37. Ke3 Ke5 38. Ne2 Bd1 39. h5 Ne4 40. Bd3
Nd6 41. c4 Bb3 42. c5 Nc4+ 43. Bxc4 Bxc4 44. Nc3 Bb3 45. Ne4 Be6 46. g5 0-1

[Event "5MCR_4D_2L_3S"]
[Site "?"]
[Date "2002.??.??"]
[Round "?"]
[White "Pech, Jaroslav"]
[Black "Strnad, Jiri"]
[Result "1/2-1/2"]
[WhiteElo "2080"]
[BlackElo "2185"]
[PlyCount "60"]
[EventDate "2002.??.??"]
[EventType "corr"]
[SourceDate "2004.??.??"]

1. d4 Nf6 2. Nf3 g6 3. g3 Bg7 4. Bg2 d5 5. O-O O-O 6. c4 dxc4 7. Na3 Nc6 8.
Nxc4 Be6 9. b3 Bd5 10. Bb2 a5 11. a4 Qc8 12. e3 Rd8 13. Qe2 Qg4 14. Rfe1 h6 15.
Ncd2 Ne4 16. Rac1 Qe6 17. Nxe4 Bxe4 18. Nd2 Bxg2 19. Kxg2 Rd5 20. Qc4 Qd7 21.
Ne4 Rh5 22. h4 Nb4 23. Ba3 Na6 24. f3 c6 25. Rh1 Qd8 26. g4 Rd5 27. h5 g5 28.
Nc3 Rd7 29. Rhd1 Nc7 30. Qe2 e5 1/2-1/2

[Event "5MCR_4D_2L_3S"]
[Site "?"]
[Date "2002.??.??"]
[Round "?"]
[White "Pech, Jaroslav"]
[Black "Toman, Antonin"]
[Result "1/2-1/2"]
[WhiteElo "2080"]
[BlackElo "2245"]
[PlyCount "68"]
[EventDate "2002.??.??"]
[EventType "corr"]
[SourceDate "2004.??.??"]

1. e4 c6 2. d4 d5 3. exd5 cxd5 4. c4 Nf6 5. Nc3 e6 6. Nf3 Bb4 7. cxd5 Nxd5 8.
Qc2 Nc6 9. a3 Be7 10. Bd3 Bf6 11. Be3 Nce7 12. Ne4 O-O 13. Nxf6+ Nxf6 14. Bg5
Nf5 15. O-O h6 16. Bxf6 Qxf6 17. Bxf5 exf5 18. Rad1 Re8 19. Qc7 b6 20. Rfe1
Rxe1+ 21. Nxe1 Ba6 22. h3 Re8 23. Nc2 f4 24. Qxa7 Bb5 25. Qc7 f3 26. Re1 Be2
27. gxf3 Qg5+ 28. Kh2 Qd2 29. f4 Re6 30. Qc3 Qxf4+ 31. Qg3 Qd2 32. Qc3 Qf4+ 33.
Qg3 Qd2 34. Qc3 Qf4+ 1/2-1/2

[Event "5MCR_4D_2L_3S"]
[Site "?"]
[Date "2002.??.??"]
[Round "?"]
[White "Sebek, Pavel"]
[Black "Bucek, Jiri"]
[Result "0-1"]
[WhiteElo "1955"]
[BlackElo "2200"]
[PlyCount "74"]
[EventDate "2002.??.??"]
[EventType "corr"]
[SourceDate "2004.??.??"]

1. e4 e5 2. Nf3 Nc6 3. Bb5 a6 4. Ba4 Nf6 5. O-O Be7 6. Re1 b5 7. Bb3 d6 8. c3
O-O 9. h3 Bb7 10. d4 Na5 11. Bc2 c5 12. Nbd2 cxd4 13. cxd4 Qc7 14. d5 Rac8 15.
Bd3 Nd7 16. Nf1 f5 17. Bg5 Nc5 18. Ng3 fxe4 19. Nxe4 Bxd5 20. Rc1 Rxf3 21. Qxf3
Bxg5 22. b4 Rf8 23. Nf6+ gxf6 24. Qxd5+ Qf7 25. Rxc5 dxc5 26. Qxf7+ Rxf7 27.
bxa5 Rd7 28. Rd1 Kg7 29. Kf1 c4 30. Bc2 Rxd1+ 31. Bxd1 f5 32. Ke2 Kf6 33. g3 e4
34. Bc2 Ke5 35. f4+ Bxf4 36. gxf4+ Kxf4 37. Kd2 Kf3 0-1

[Event "5MCR_4D_2L_3S"]
[Site "?"]
[Date "2002.??.??"]
[Round "?"]
[White "Sebek, Pavel"]
[Black "Kucera, Petr"]
[Result "1-0"]
[WhiteElo "1955"]
[BlackElo "1800"]
[PlyCount "48"]
[EventDate "2002.??.??"]
[EventType "corr"]
[SourceDate "2004.??.??"]

1. e4 Nf6 2. e5 Nd5 3. d4 d6 4. Nf3 g6 5. c4 Nb6 6. Be2 Bg7 7. Nc3 Nc6 8. Bf4
O-O 9. O-O Bg4 10. exd6 exd6 11. d5 Ne7 12. Qb3 Re8 13. Rad1 Nf5 14. Qc2 Bxf3
15. Bxf3 Nxc4 16. Ne2 Ne5 17. Be4 Nh6 18. h3 f5 19. Bd3 Nxd3 20. Rxd3 Nf7 21.
Ng3 Qd7 22. Rc1 Rac8 23. Bd2 Ne5 24. Rb3 c5 1-0

[Event "5MCR_4D_2L_3S"]
[Site "?"]
[Date "2002.??.??"]
[Round "?"]
[White "Sebek, Pavel"]
[Black "Necesany, Zdenek"]
[Result "0-1"]
[WhiteElo "1955"]
[BlackElo "2190"]
[PlyCount "64"]
[EventDate "2002.??.??"]
[EventType "corr"]
[SourceDate "2004.??.??"]

1. e4 e5 2. Nf3 Nc6 3. Bb5 a6 4. Ba4 Nf6 5. O-O b5 6. Bb3 Bb7 7. Re1 Bc5 8. c3
d6 9. d4 Bb6 10. Be3 O-O 11. Nbd2 h6 12. h3 Qd7 13. Nf1 exd4 14. cxd4 Na5 15.
Bc2 Nxe4 16. Bxh6 Nxf2 17. Kxf2 gxh6 18. Qd2 Bxf3 19. Qxh6 f5 20. Kxf3 Bxd4 21.
Re6 Qc6+ 22. Kg3 Qxc2 23. Rae1 Qf2+ 24. Kh2 Qg1+ 25. Kg3 f4+ 26. Kh4 Qf2+ 27.
g3 Bg7 28. Qg5 fxg3 29. Nxg3 Rf4+ 30. Kh5 Qf3+ 31. Kg6 Raf8 32. Nh5 Qd3+ 0-1

[Event "5MCR_4D_2L_3S"]
[Site "?"]
[Date "2002.??.??"]
[Round "?"]
[White "Sebek, Pavel"]
[Black "Pech, Jaroslav"]
[Result "1-0"]
[WhiteElo "1955"]
[BlackElo "2080"]
[PlyCount "80"]
[EventDate "2002.??.??"]
[EventType "corr"]
[SourceDate "2004.??.??"]

1. e4 c5 2. Nf3 d6 3. d4 cxd4 4. Nxd4 Nf6 5. Bd3 Nc6 6. Nb3 e5 7. Bg5 Be7 8.
Nc3 Nxe4 9. Bxe7 Nxc3 10. Qd2 Qxe7 11. Qxc3 O-O 12. O-O Be6 13. Rae1 Rac8 14.
Qd2 f5 15. c3 Qf7 16. Kh1 Bxb3 17. axb3 Qxb3 18. Bc2 Qe6 19. f4 e4 20. Qd1 d5
21. Bb3 Rfd8 22. Ba2 Kh8 23. Re3 Qd6 24. Qh5 Qf6 25. Rh3 h6 26. Rg1 Ne7 27. g4
fxg4 28. Qxg4 b5 29. Rh5 Rc6 30. Re5 g5 31. Qh5 Rcd6 32. Rexg5 Qxf4 33. Rg7 Qf5
34. Qxf5 Nxf5 35. Rxa7 R6d7 36. Ra6 Rf8 37. Re1 b4 38. cxb4 Kg7 39. b5 Rfd8 40.
Rg1+ Kf8 1-0

[Event "5MCR_4D_2L_3S"]
[Site "?"]
[Date "2002.??.??"]
[Round "?"]
[White "Sebek, Pavel"]
[Black "Strnad, Jiri"]
[Result "0-1"]
[WhiteElo "1955"]
[BlackElo "2185"]
[PlyCount "96"]
[EventDate "2002.??.??"]
[EventType "corr"]
[SourceDate "2004.??.??"]

1. e4 d5 2. exd5 Qxd5 3. Nc3 Qa5 4. d4 Nf6 5. Nf3 c6 6. Bd2 Bf5 7. Bc4 Qb6 8.
a3 e6 9. O-O Bd6 10. Qe2 Nbd7 11. Bb3 O-O 12. Be3 Qc7 13. Rad1 Nd5 14. Nxd5
exd5 15. Kh1 Nf6 16. h3 Rae8 17. Nh4 Be4 18. Kg1 Bh2+ 19. Kh1 Bf4 20. Qd2 Bxe3
21. fxe3 b5 22. Qf2 a5 23. c3 a4 24. Ba2 Nh5 25. Kg1 Re6 26. Bb1 Ng3 27. Rfe1
Rh6 28. Nf3 Bxb1 29. Rxb1 Ne4 30. Qe2 Qg3 31. h4 Re8 32. Rf1 f6 33. Qd1 g5 34.
Qe1 gxh4 35. Qxg3+ hxg3 36. Rfe1 Nf2 37. Kf1 Nd3 38. Re2 Rh1+ 39. Ng1 c5 40.
Rd2 c4 41. Ke2 f5 42. Rxd3 cxd3+ 43. Kxd3 h5 44. Rc1 h4 45. Rf1 Kg7 46. Rc1 Kf6
47. Rf1 Re4 48. Rc1 f4 0-1

[Event "5MCR_4D_2L_3S"]
[Site "?"]
[Date "2002.??.??"]
[Round "?"]
[White "Skalicky, Frantisek"]
[Black "Durchan, Milan"]
[Result "1-0"]
[WhiteElo "2245"]
[BlackElo "2145"]
[PlyCount "55"]
[EventDate "2002.??.??"]
[EventType "corr"]
[SourceDate "2004.??.??"]

1. e4 e5 2. Nf3 Nc6 3. Bb5 Nd4 4. Nxd4 exd4 5. O-O Bc5 6. d3 c6 7. Ba4 d6 8.
Nd2 Nf6 9. Nb3 Bb6 10. Bg5 Qe7 11. Nd2 h6 12. Bh4 g5 13. Bg3 Be6 14. Bb3 O-O-O
15. Bxe6+ fxe6 16. e5 dxe5 17. Bxe5 Rhg8 18. Re1 h5 19. Bxf6 Qxf6 20. Qxh5 Bc7
21. Qg4 Bxh2+ 22. Kf1 Be5 23. Nf3 Rd5 24. Re4 Rh8 25. Rae1 Rh1+ 26. Ke2 Rxe1+
27. Kxe1 Kd7 28. Qxg5 1-0

[Event "5MCR_4D_2L_3S"]
[Site "?"]
[Date "2002.??.??"]
[Round "?"]
[White "Skalicky, Frantisek"]
[Black "Nekola, Pavel"]
[Result "1-0"]
[WhiteElo "2245"]
[BlackElo "1800"]
[PlyCount "87"]
[EventDate "2002.??.??"]
[EventType "corr"]
[SourceDate "2004.??.??"]

1. e4 e5 2. Nf3 Nc6 3. Bb5 a6 4. Ba4 Nf6 5. O-O Be7 6. Re1 b5 7. Bb3 O-O 8. c3
d5 9. exd5 Nxd5 10. Nxe5 Nxe5 11. Rxe5 c6 12. d4 Bd6 13. Re1 Qh4 14. g3 Qh3 15.
Bxd5 cxd5 16. Qf3 Rb8 17. Nd2 Be6 18. Nf1 b4 19. Bf4 Bxf4 20. Qxf4 bxc3 21.
bxc3 Qh5 22. Ne3 Rbd8 23. Ng2 Qh6 24. Qxh6 gxh6 25. Nf4 Rd6 26. Rab1 Rc6 27. a4
Bf5 28. Nxd5 Bxb1 29. Ne7+ Kg7 30. Nxc6 Ba2 31. a5 Rc8 32. Nb4 Bc4 33. f4 Kg6
34. Re5 Bb5 35. Nd5 Rc4 36. f5+ Kg7 37. f6+ Kf8 38. Re7 Bc6 39. Nb6 Rxc3 40.
Rc7 Rc1+ 41. Kf2 Rc2+ 42. Ke3 Ba4 43. Rb7 Be8 44. Rb8 1-0

[Event "5MCR_4D_2L_3S"]
[Site "?"]
[Date "2002.??.??"]
[Round "?"]
[White "Skalicky, Frantisek"]
[Black "Pech, Jaroslav"]
[Result "1/2-1/2"]
[WhiteElo "2245"]
[BlackElo "2080"]
[PlyCount "74"]
[EventDate "2002.??.??"]
[EventType "corr"]
[SourceDate "2004.??.??"]

1. e4 e5 2. Nf3 Nc6 3. Bb5 a6 4. Ba4 Nf6 5. O-O Be7 6. Re1 b5 7. Bb3 d6 8. c3
O-O 9. h3 Na5 10. Bc2 c5 11. d4 Qc7 12. Nbd2 Nc6 13. d5 Na5 14. Nf1 Nc4 15. a4
Nb6 16. axb5 axb5 17. Rxa8 Nxa8 18. Ng3 Bd7 19. Nh4 g6 20. Bh6 Rb8 21. Qe2 Nb6
22. Ra1 Nfxd5 23. Nhf5 Bxf5 24. Nxf5 Nf6 25. Nxe7+ Qxe7 26. Qxb5 c4 27. Ra6 Qc7
28. Qa5 Nfd7 29. Ra7 Qc6 30. Qb4 Nc5 31. b3 Qc8 32. bxc4 Nbd7 33. Qa3 Qc6 34.
Be3 Nb6 35. Qb2 Nbd7 36. Qa2 Nb6 37. Qb1 Qc8 1/2-1/2

[Event "5MCR_4D_2L_3S"]
[Site "?"]
[Date "2002.??.??"]
[Round "?"]
[White "Skalicky, Frantisek"]
[Black "Sebek, Pavel"]
[Result "1/2-1/2"]
[WhiteElo "2245"]
[BlackElo "1955"]
[PlyCount "92"]
[EventDate "2002.??.??"]
[EventType "corr"]
[SourceDate "2004.??.??"]

1. e4 c5 2. Nf3 e6 3. d4 cxd4 4. Nxd4 a6 5. Bd3 Nf6 6. O-O d6 7. c4 g6 8. Nc3
Bg7 9. Be3 O-O 10. Re1 Nc6 11. Be2 Qc7 12. Nxc6 bxc6 13. Qd2 Bb7 14. Bf4 Rad8
15. Rad1 e5 16. Bg5 Rd7 17. b4 Rb8 18. Qe3 Ba8 19. a3 Bb7 20. Rd2 Ra8 21. Red1
Bc8 22. Rd3 Rb8 23. Qd2 a5 24. b5 cxb5 25. cxb5 Bb7 26. Qe3 Ba8 27. a4 Rdd8 28.
Qf3 Qe7 29. Nd5 Bxd5 30. Rxd5 h6 31. Bxf6 Bxf6 32. Qc3 Ra8 33. h3 Kg7 34. b6
Qb7 35. Rxd6 Rxd6 36. Rxd6 Rc8 37. Qxa5 Qxe4 38. Qb5 Rc1+ 39. Rd1 Rxd1+ 40.
Bxd1 Qe1+ 41. Kh2 Bh4 42. Qe2 Qxf2 43. Qxf2 Bxf2 44. a5 Bc5 45. h4 f5 46. g3 e4
1/2-1/2

[Event "5MCR_4D_2L_3S"]
[Site "?"]
[Date "2002.??.??"]
[Round "?"]
[White "Skalicky, Frantisek"]
[Black "Splichal, Stanislav"]
[Result "1/2-1/2"]
[WhiteElo "2245"]
[BlackElo "2190"]
[PlyCount "76"]
[EventDate "2002.??.??"]
[EventType "corr"]
[SourceDate "2004.??.??"]

1. e4 c6 2. d4 d5 3. Nc3 dxe4 4. Nxe4 Bf5 5. Ng3 Bg6 6. Nf3 Nd7 7. Bd3 e6 8.
O-O Ngf6 9. Re1 Be7 10. c4 O-O 11. Bxg6 hxg6 12. Bf4 Qa5 13. a3 b5 14. c5 Nd5
15. Ne5 Nxe5 16. Bxe5 Rfd8 17. Qd3 Rd7 18. Ne4 Rad8 19. b3 Bf6 20. Qf3 b4 21.
axb4 Qxb4 22. Red1 Bxe5 23. dxe5 Qb8 24. Nd6 Qb4 25. h3 Qxc5 26. Rac1 Qb6 27.
Rc4 Rb8 28. Rd3 Qc7 29. Rd1 Rb4 30. Rdc1 Rxc4 31. bxc4 Nb4 32. c5 Rd8 33. Ra1
a5 34. Ra4 Ra8 35. Qg3 Qa7 36. Qe3 Qa6 37. Kh2 Nd5 38. Qf3 Qa7 1/2-1/2

[Event "5MCR_4D_2L_3S"]
[Site "?"]
[Date "2002.??.??"]
[Round "?"]
[White "Skalicky, Frantisek"]
[Black "Toman, Antonin"]
[Result "1/2-1/2"]
[WhiteElo "2245"]
[BlackElo "2045"]
[PlyCount "186"]
[EventDate "2002.??.??"]
[EventType "corr"]
[SourceDate "2004.??.??"]

1. e4 c6 2. d4 d5 3. e5 Bf5 4. Nf3 e6 5. Be2 Bb4+ 6. c3 Be7 7. O-O Nd7 8. Re1
c5 9. c4 dxc4 10. Bxc4 a6 11. Nc3 Nb6 12. Be2 Rc8 13. a4 Nd5 14. a5 Nxc3 15.
bxc3 Be4 16. Be3 Nh6 17. Bxh6 gxh6 18. Qd2 cxd4 19. Nxd4 Bg5 20. f4 Be7 21. Bd1
Bc6 22. f5 Rg8 23. Ba4 Bxa4 24. Rxa4 exf5 25. Qc2 Qd5 26. Re2 Rg5 27. h4 Rg3
28. Qxf5 Rcxc3 29. Kh2 Rg6 30. Nf3 Qd1 31. Rae4 Rc1 32. Re1 Qc2 33. Qh3 Rxe1
34. Rxe1 h5 35. Nd4 Qf2 36. Nf3 Rg4 37. Rc1 Qb2 38. Rd1 Bb4 39. Kh1 Qc2 40. Rf1
Qd3 41. Ra1 Bc3 42. Rc1 Bxa5 43. Qh2 Rc4 44. Ra1 Bc3 45. Rc1 b5 46. Qg3 Qg6 47.
Qf2 Bd4 48. Qf1 Rxc1 49. Qxc1 Bb6 50. Qc8+ Bd8 51. Nd4 Qe4 52. Nc6 Qxh4+ 53.
Kg1 a5 54. e6 fxe6 55. Qxe6+ Be7 56. Nxe7 Qxe7 57. Qc8+ Kf7 58. Qf5+ Kg7 59.
Qxb5 Qe1+ 60. Kh2 Qh4+ 61. Kg1 Qd4+ 62. Kh2 a4 63. Qg5+ Kf8 64. Qxh5 Qe4 65.
Qc5+ Ke8 66. Qb5+ Ke7 67. Qg5+ Ke6 68. Qd2 h5 69. g3 h4 70. gxh4 Qxh4+ 71. Kg2
Qc4 72. Kf2 Qb3 73. Ke2 a3 74. Qd8 Qc2+ 75. Ke3 Qc3+ 76. Ke2 Kf5 77. Qd7+ Kf4
78. Qf7+ Ke4 79. Kd1 Qd4+ 80. Kc1 Qb2+ 81. Kd1 Qc3 82. Qb7+ Ke3 83. Qf3+ Kd4
84. Qf6+ Kc4 85. Qf7+ Kb4 86. Qb7+ Ka4 87. Qe4+ Kb3 88. Qb1+ Qb2 89. Qd3+ Ka2
90. Qc4+ Kb1 91. Qe4+ Ka1 92. Qc4 Qb1+ 93. Kd2 Qb7 1/2-1/2

[Event "5MCR_4D_2L_3S"]
[Site "?"]
[Date "2002.??.??"]
[Round "?"]
[White "Splichal, Stanislav"]
[Black "Bucek, Jiri"]
[Result "1/2-1/2"]
[WhiteElo "2190"]
[BlackElo "2200"]
[PlyCount "36"]
[EventDate "2002.??.??"]
[EventType "corr"]
[SourceDate "2004.??.??"]

1. d4 e6 2. c4 Nf6 3. g3 c5 4. Nf3 cxd4 5. Nxd4 d5 6. Bg2 dxc4 7. Qa4+ Nbd7 8.
O-O a6 9. Qxc4 Nb6 10. Qd3 Bc5 11. Rd1 O-O 12. Nc3 Ng4 13. e3 e5 14. Nb3 Qxd3
15. Rxd3 Be7 16. Bd2 Nf6 17. Na5 Rb8 18. Rc1 Be6 1/2-1/2

[Event "5MCR_4D_2L_3S"]
[Site "?"]
[Date "2002.??.??"]
[Round "?"]
[White "Splichal, Stanislav"]
[Black "Kucera, Petr"]
[Result "1-0"]
[WhiteElo "2190"]
[BlackElo "1800"]
[PlyCount "63"]
[EventDate "2002.??.??"]
[EventType "corr"]
[SourceDate "2004.??.??"]

1. d4 Nf6 2. c4 c5 3. d5 e6 4. Nc3 exd5 5. cxd5 d6 6. e4 g6 7. f3 Bg7 8. Bg5
O-O 9. Qd2 Re8 10. Nge2 a6 11. a4 Qa5 12. Ra3 Nbd7 13. Ng3 Qb4 14. Be2 Nb6 15.
Qc2 Qd4 16. a5 Nbd7 17. Bf4 Ne5 18. Ra4 c4 19. Bxc4 Nxc4 20. Qe2 Nxd5 21. Nxd5
Qxd5 22. exd5 Rxe2+ 23. Nxe2 Nxb2 24. Re4 Bf5 25. Re7 Nd3+ 26. Kd2 Nxf4 27.
Nxf4 Bh6 28. g3 Rb8 29. Ra1 Bg5 30. Rc7 Bd8 31. Rc4 Bd7 32. Ne2 1-0

[Event "5MCR_4D_2L_3S"]
[Site "?"]
[Date "2002.??.??"]
[Round "?"]
[White "Splichal, Stanislav"]
[Black "Pech, Jaroslav"]
[Result "1/2-1/2"]
[WhiteElo "2190"]
[BlackElo "2080"]
[PlyCount "59"]
[EventDate "2002.??.??"]
[EventType "corr"]
[SourceDate "2004.??.??"]

1. d4 d5 2. c4 e6 3. Nc3 Nf6 4. Bg5 Be7 5. e3 O-O 6. Nf3 h6 7. Bh4 b6 8. cxd5
Nxd5 9. Bxe7 Qxe7 10. Nxd5 exd5 11. Rc1 Be6 12. Bd3 c5 13. dxc5 bxc5 14. O-O
Nd7 15. e4 d4 16. Bb1 Rfd8 17. Qd3 Rab8 18. b3 a5 19. Nd2 a4 20. f4 axb3 21.
axb3 Qh4 22. e5 g6 23. Qe2 Kg7 24. f5 gxf5 25. Bxf5 d3 26. Qxd3 Nxe5 27. Qe3
Qd4 28. Qxd4 cxd4 29. Bxe6 fxe6 30. Rc5 1/2-1/2

[Event "5MCR_4D_2L_3S"]
[Site "?"]
[Date "2002.??.??"]
[Round "?"]
[White "Splichal, Stanislav"]
[Black "Sebek, Pavel"]
[Result "1-0"]
[WhiteElo "2190"]
[BlackElo "1955"]
[PlyCount "83"]
[EventDate "2002.??.??"]
[EventType "corr"]
[SourceDate "2004.??.??"]

1. d4 Nf6 2. c4 g6 3. Nc3 d5 4. Nf3 Bg7 5. Qb3 dxc4 6. Qxc4 O-O 7. e4 Na6 8.
Be2 c5 9. d5 e6 10. O-O exd5 11. exd5 Re8 12. Rd1 Bf5 13. d6 h6 14. Bf4 Nd7 15.
Rd2 Nb4 16. Qb3 Be6 17. Bc4 Nb6 18. Bxe6 Rxe6 19. Na4 Nxa4 20. Qxa4 g5 21. Bg3
a6 22. Qb3 Qd7 23. h4 gxh4 24. Nxh4 Rae8 25. Qc4 b6 26. a3 Re4 27. Qf1 Nc6 28.
Qxa6 Na5 29. Rd5 Nc4 30. Nf5 Bxb2 31. Rad1 Re1+ 32. Rxe1 Rxe1+ 33. Kh2 Ne5 34.
Ne7+ Kh7 35. f3 Re3 36. Qa8 Ng4+ 37. fxg4 Qxg4 38. Bf2 Be5+ 39. Kg1 Bf4 40. Qf8
Rxa3 41. Qxf7+ Qg7 42. Qxf4 1-0

[Event "5MCR_4D_2L_3S"]
[Site "?"]
[Date "2002.??.??"]
[Round "?"]
[White "Splichal, Stanislav"]
[Black "Strnad, Jiri"]
[Result "1/2-1/2"]
[WhiteElo "2190"]
[BlackElo "2185"]
[PlyCount "58"]
[EventDate "2002.??.??"]
[EventType "corr"]
[SourceDate "2004.??.??"]

1. d4 d5 2. c4 c6 3. Nf3 Nf6 4. e3 Bf5 5. Bd3 Bxd3 6. Qxd3 e6 7. O-O Nbd7 8.
Nc3 Bb4 9. Bd2 Bxc3 10. Bxc3 O-O 11. Nd2 Re8 12. Rfd1 Qe7 13. Rac1 Ng4 14. h3
Ngf6 15. b4 a6 16. e4 dxe4 17. Nxe4 b5 18. Nxf6+ Nxf6 19. a4 bxc4 20. Qxc4 Nd5
21. Bd2 Rec8 22. Ra1 Qh4 23. Rdc1 Rd8 24. Rab1 h6 25. Rb3 Ne7 26. Be3 Rd5 27.
Qc2 Rb8 28. Qd3 Rb6 29. Rc4 Qf6 1/2-1/2

[Event "5MCR_4D_2L_3S"]
[Site "?"]
[Date "2002.??.??"]
[Round "?"]
[White "Splichal, Stanislav"]
[Black "Toman, Antonin"]
[Result "1-0"]
[WhiteElo "2190"]
[BlackElo "2240"]
[PlyCount "103"]
[EventDate "2002.??.??"]
[EventType "corr"]
[SourceDate "2004.??.??"]

1. d4 Nf6 2. c4 c5 3. Nf3 cxd4 4. Nxd4 e6 5. Nc3 d5 6. cxd5 Nxd5 7. Bd2 Bc5 8.
Nb3 Bd6 9. Nxd5 exd5 10. Bc3 O-O 11. Qxd5 Bb4 12. Qxd8 Bxc3+ 13. bxc3 Rxd8 14.
e3 b6 15. Be2 Bb7 16. f3 Nd7 17. Kf2 Rac8 18. Rac1 Nf8 19. c4 Ne6 20. Rhd1 Rxd1
21. Rxd1 Bc6 22. g4 Kf8 23. h4 Ke7 24. Nd4 g6 25. f4 Ba4 26. Rd2 Bc6 27. g5 Nc5
28. Nxc6+ Rxc6 29. Bf3 Rc8 30. Bd5 h6 31. Kf3 hxg5 32. hxg5 Rh8 33. Kg3 Rh5 34.
Rb2 Rh7 35. a4 f5 36. gxf6+ Kxf6 37. a5 bxa5 38. Rb5 Rc7 39. Kg4 a4 40. Ra5 a6
41. e4 a3 42. e5+ Kg7 43. Rxa3 Ra7 44. f5 gxf5+ 45. Kxf5 Kf8 46. Rh3 Rg7 47.
Rh8+ Ke7 48. Ra8 Rg1 49. Ra7+ Kd8 50. e6 Re1 51. Kf6 Kc8 52. e7 1-0

[Event "5MCR_4D_2L_3S"]
[Site "?"]
[Date "2002.??.??"]
[Round "?"]
[White "Strnad, Jiri"]
[Black "Bucek, Jiri"]
[Result "1/2-1/2"]
[WhiteElo "2185"]
[BlackElo "2200"]
[PlyCount "32"]
[EventDate "2002.??.??"]
[EventType "corr"]
[SourceDate "2004.??.??"]

1. e4 e6 2. d4 d5 3. Nc3 Bb4 4. e5 c5 5. a3 Ba5 6. b4 cxd4 7. Nb5 Bc7 8. f4 Ne7
9. Nf3 O-O 10. Bb2 Bb6 11. Nbxd4 Nbc6 12. Bd3 Ng6 13. Qd2 Nxd4 14. Bxd4 Nh4 15.
Bxb6 Nxf3+ 16. gxf3 Qxb6 1/2-1/2